000
00227nam a2200085Ia 4500
008
120527s9999 xx 000 0 und d
100
_a
Leeson & Dimrity
245
_a
Basic programnming concepts and the IBM 1620 Comp.
942
_c
BK
999
_c
27823
_d
27823